International relations and world politics security, economy, identity

Gespeichert in:
Bibliographische Detailangaben
1. Verfasser: Viotti, Paul R.
Weitere Verfasser: Kauppi, Mark V.
Format: Buch
Sprache:Englisch
Veröffentlicht: Upper Saddle River Pearson/Prentice Hall 2006
Ausgabe:3rd ed.
Schlagworte:
Tags: Tag hinzufügen
Keine Tags, Fügen Sie das erste Tag hinzu!

MARC

LEADER 00000nam$a2200000$$$4500
001 0040906
005 20240306135743.5
020 |a 0-13-184415-6 
041 0 |a eng 
044 |a US 
245 1 0 |a International relations and world politics  |b security, economy, identity  |c Paul R. Viotti, Mark V. Kauppi 
250 |a 3rd ed. 
264 1 |a Upper Saddle River  |b Pearson/Prentice Hall  |c 2006 
300 |a xvi, 584 s. 
610 2 0 |a politika svetová 
610 2 0 |a vzťahy medzinárodné 
610 2 0 |a bezpečnosť 
610 2 0 |a spolupráca medzinárodná 
610 2 0 |a organizácie medzinárodné 
610 2 0 |a diplomacia 
610 2 0 |a terorizmus 
610 2 0 |a globalizácia 
610 2 0 |a hospodárstvo svetové 
610 2 0 |a konflikty medzinárodné 
610 2 0 |a konflikty etnické 
610 2 0 |a práva ľudské 
100 1 |a Viotti, Paul R. 
700 1 |a Kauppi, Mark V.